Music Quiz

Random Music Quiz
Score 0/249 Timer 10:00
0 Plays Today
Hint Answer % Correct
you
97.1%
you
97.1%
you
97.1%
you
97.1%
you
97.1%
you
97.1%
you
97.1%
you
97.1%
you
97.1%
me
97.1%
you
97.1%
you
97.1%
you
97.1%
you
97.1%
me
97.1%
you
97.1%
Bridge: Daniel Seaveyyou
97.1%
you
97.1%
you
97.1%
you
97.1%
you
97.1%
you
97.1%
you
97.1%
for
94.3%
for
94.3%
for
94.3%
for
94.3%
for
94.3%
for
94.3%
for
94.3%
for
94.3%
for
94.3%
a
91.4%
in
91.4%
the
91.4%
in
91.4%
in
91.4%
a
91.4%
a
91.4%
and
91.4%
Verse 2: Zach Herronand
91.4%
the
91.4%
do
91.4%
the
91.4%
a
91.4%
Interlude: Daniel Seaveyin
91.4%
in
91.4%
in
91.4%
do
91.4%
a
91.4%
in
91.4%
a
91.4%
in
91.4%
a
91.4%
in
91.4%
Verse 1: Corbyn BessonGirls
88.6%
like
88.6%
they
88.6%
just
88.6%
don't
88.6%
but
88.6%
I
88.6%
I
88.6%
don't
88.6%
don't
88.6%
girls
88.6%
like
88.6%
don't
88.6%
but
88.6%
x2falling
88.6%
falling
88.6%
x2falling
88.6%
I
88.6%
falling
88.6%
like
88.6%
falling
88.6%
x2falling
88.6%
I
88.6%
but
88.6%
don't
88.6%
girls
88.6%
like
88.6%
don't
88.6%
Hint Answer % Correct
they
88.6%
I
88.6%
I
88.6%
don't
88.6%
I
88.6%
like
88.6%
I
88.6%
Post-Chorus: Jack Avery, Allfalling
88.6%
x2falling
88.6%
falling
88.6%
x2falling
88.6%
falling
88.6%
I
88.6%
x2falling
88.6%
mean
85.7%
loving
85.7%
never
85.7%
was
85.7%
plan
85.7%
stuck
85.7%
I'm
85.7%
be
85.7%
be
85.7%
love
85.7%
I'm
85.7%
show
85.7%
where
85.7%
heart
85.7%
is
85.7%
I'm
85.7%
I'm
85.7%
want
85.7%
this
85.7%
I'm
85.7%
this
85.7%
love
85.7%
be
85.7%
be
85.7%
I'm
85.7%
I'm
85.7%
didn't
82.9%
killed
82.9%
man
82.9%
your
82.9%
your
82.9%
Pre-Chorus: Jonah Maraisswear
82.9%
it
82.9%
wanna
82.9%
wanna
82.9%
it's
82.9%
shame
82.9%
know
82.9%
how
82.9%
to
82.9%
to
82.9%
it's
82.9%
not
82.9%
Chorus: Jack Averycan't
82.9%
see
82.9%
that
82.9%
your
82.9%
can't
82.9%
see
82.9%
that
82.9%
can't
82.9%
see
82.9%
that
82.9%
can't
82.9%
that
82.9%
it's
82.9%
not
82.9%
it's
82.9%
shame
82.9%
know
82.9%
how
82.9%
to
82.9%
to
82.9%
can't
82.9%
know
82.9%
to
82.9%
can
82.9%
can't
82.9%
no
82.9%
Hint Answer % Correct
can't
82.9%
that
82.9%
see
82.9%
can't
82.9%
harm
80%
saw
80%
comin'
80%
fool
80%
touched
80%
my
80%
my
80%
Type: choruschorus
80%
my
80%
my
80%
my
80%
Type: pre-choruspre-chorus
80%
my
80%
wave
80%
my
80%
chorus
80%
sink
77.1%
rushed
77.1%
enough
77.1%
Post-Chorus: AllOoh
77.1%
ooh
77.1%
ooh
77.1%
crazy
77.1%
would
77.1%
us
77.1%
us
77.1%
trust
77.1%
would
77.1%
mind
77.1%
of
77.1%
what
77.1%
of
77.1%
x3ooh
77.1%
x3ooh
77.1%
sand
74.3%
give
74.3%
all
74.3%
things
74.3%
feelings
74.3%
from
74.3%
remind
74.3%
get
74.3%
out
74.3%
sand
74.3%
feelings
74.3%
stars
71.4%
they're
71.4%
here
71.4%
wish
71.4%
turn
71.4%
lust
71.4%
dreams
71.4%
hopes
71.4%
when
71.4%
wish
71.4%
align
68.6%
'round
68.6%
could
68.6%
saved
68.6%
waves
65.7%
tried
65.7%
believe
65.7%
left
65.7%
'cause
65.7%
grave
62.9%
lost
62.9%
place
62.9%
traced
62.9%
ways
62.9%
should've
60%
dig
60%
broken
60%
understand
57.1%
grain
57.1%
honest
54.3%
tidal
54.3%
better
51.4%
wantin'
45.7%
handled
42.9%
Remove Ads.
Support Sporcle.
Get the best of Sporcle when you Go Orange. This ad-free experience offers more features, more stats, and more fun while also helping to support Sporcle. Thank you for becoming a member.

You're not logged in!

Compare scores with friends on all Sporcle quizzes.
OR
Log In

Show Comments

Extras

Created Oct 6, 2019ReportNominate
Tags:Falling

Top Quizzes Today


Score Distribution

Your Account Isn't Verified!

In order to create a playlist on Sporcle, you need to verify the email address you used during registration. Go to your Sporcle Settings to finish the process.

Report this User

Report this user for behavior that violates our Community Guidelines.

Details: